| 000 | 00448nam a2200133Ia 4500 | ||
|---|---|---|---|
| 008 | 260210s9999 xx 000 0 und d | ||
| 024 | _a99B-BCS3-16, 99B-BCS3-41 & 99B-BCS3-45 | ||
| 082 | _a658.5072 MUH | ||
| 100 | _aMuhammad Nasir, Muhammad Tariq Saleem & Muhammad Tariq Siddiqui | ||
| 245 | 0 | _aSchedule Management System | |
| 260 |
_aKarachi: _bUITU, _c1999 |
||
| 600 | _aComputer Science | ||
| 650 | _aBachelor of Computer Science (BS) | ||
| 999 |
_c31735 _d31735 |
||